| 000 | 01077nam a22002657a 4500 | ||
|---|---|---|---|
| 005 | 20240530110441.0 | ||
| 008 | 150420s2012 ua g 000 0dara d | ||
| 017 |
_a2012/2746 _bمصر . دار الكتب المصرية |
||
| 020 | _a9772328623 | ||
| 040 | _aEG-CaGPL | ||
| 082 | 0 | 4 |
_221 _a250.9\ _bف ش |
| 100 | 0 | _aفاروق ابوزيد | |
| 245 | 1 | 2 |
_aالشريعة الاسلامية بين المحافظين والمجددين / _cفاروق ابوزيد |
| 250 | _aط1 | ||
| 260 |
_aالقاهرة : _bعالم الكتب ، _c2012 . |
||
| 300 |
_a124 ص ؛ _c24 سم |
||
| 650 | 0 | 4 | _aالشريعة الاسلامية |
| 650 | 0 | 4 |
_aالفقه الاسلامى _xاصول _xطريقة الاحناف |
| 650 | 0 | 4 |
_aالفقه الاسلامى _xاصول _xطريقة الشافعيه والمتكلمين |
| 650 | 0 | 4 |
_aالفقه الاسلامى _xتاريخ _yالعصر الحديث |
| 650 | 0 | 4 |
_aالفقه الاسلامى _xتاريخ |
| 650 | 0 | 4 |
_aالاسلام _xنظام الحكم |
| 942 |
_2ddc _cBK |
||
| 999 |
_c61049 _d61049 |
||